| 000 | 01156nam a22002537a 4500 | ||
|---|---|---|---|
| 005 | 20170124102931.0 | ||
| 010 | _aB-113626 | ||
| 020 |
_c280.00 _a818674729 |
||
| 035 | _aB-113626 | ||
| 037 | _bCen Lib/Ret | ||
| 040 |
_aDPL _bHN |
||
| 082 |
_a820.8 _bपचौरी |
||
| 100 |
_aपचौरी, सुधीश _944958 |
||
| 245 |
_aविभक्ति और विखंडन : _cसुधीश पचौरी _bहिन्दी सहोत्य में उत्तर-आधुनिक मोड़ / |
||
| 246 |
_aVibhakti aur vikhandan : hindi sahitya me uttar-adhunik mod / _bby Sudhish Pachauri |
||
| 260 |
_aदिल्ली _bअनंग प्रकाशन _c2002 |
||
| 270 |
_aबी-२०२, उत्तरी घोंडा _bदिल्ली _e110053 |
||
| 300 |
_a239पृ. _c21सेमी (सजिल्द) |
||
| 650 |
_aहिन्दी साहित्य _944959 |
||
| 650 |
_aविभक्ति और विखंडन _93712 |
||
| 650 |
_aHindi literature _944960 |
||
| 650 |
_aDivision and fragmentation _944961 |
||
| 942 |
_2ddc _cHN _h820.8 _mपचौरी |
||
| 999 |
_c111897 _d111897 |
||